<?xml version="1.0" encoding="UTF-8"?>
<record
    xmlns:xsi="http://www.w3.org/2001/XMLSchema-instance"
    xsi:schemaLocation="http://www.loc.gov/MARC21/slim http://www.loc.gov/standards/marcxml/schema/MARC21slim.xsd"
    xmlns="http://www.loc.gov/MARC21/slim">

  <leader>01337    a2200217   4500</leader>
  <controlfield tag="001">54961</controlfield>
  <controlfield tag="005">20260407155825.0</controlfield>
  <controlfield tag="008">260407a1999    arg                 spa d</controlfield>
  <controlfield tag="003">AR-UNSa-BCEJYS</controlfield>
  <datafield tag="040" ind1=" " ind2=" ">
    <subfield code="a">AR-UNSa-BCEJYS</subfield>
    <subfield code="b">spa</subfield>
    <subfield code="c">AR-UNSa-BCEJYS</subfield>
  </datafield>
  <datafield tag="080" ind1=" " ind2=" ">
    <subfield code="a">658.012.4</subfield>
    <subfield code="x">Gesti&#xF3;n. Direcci&#xF3;n. Autoridad. T&#xE9;cnicas y m&#xE9;todos de gesti&#xF3;n (gesti&#xF3;n del conocimiento, Outsourcing, Benchmarking...)</subfield>
  </datafield>
  <datafield tag="245" ind1="1" ind2="0">
    <subfield code="a">La direcci&#xF3;n de proyectos en las organizaciones</subfield>
    <subfield code="p">c&#xF3;mo utilizar bien el tiempo, las t&#xE9;cnicas y la gente</subfield>
  </datafield>
  <datafield tag="020" ind1=" " ind2=" ">
    <subfield code="a">84-7577-647-7</subfield>
  </datafield>
  <datafield tag="264" ind1=" " ind2="1">
    <subfield code="a">Barcelona :</subfield>
    <subfield code="b">Granica</subfield>
    <subfield code="c">1999</subfield>
  </datafield>
  <datafield tag="300" ind1=" " ind2=" ">
    <subfield code="a">339 p.</subfield>
    <subfield code="c">22 cm.</subfield>
  </datafield>
  <datafield tag="505" ind1=" " ind2=" ">
    <subfield code="a">1. Operar dentro de las realidades de la vida organizacional &#x2013; 2.Trabajar con gente capaz &#x2013; 3.Estructurar los equipos del proyecto y darles cohesi&#xF3;n &#x2013; 4.Asegurarse de que el proyecto se base sobre una necesidad clara &#x2013; 5.Especificar lo que el proyecto debe lograr &#x2013; 6.Instrumentos t&#xE9;cnicos para realizar el proyecto &#x2013; 7.Como dirigir proyectos complejos y resolver problemas especiales &#x2013; 8.Como alcanzar buenos resultados: principios para triunfar como gerente de proyecto &#x2013; 9.Las competencias b&#xE1;sicas del manager de proyecto ,la direcci&#xF3;n de proyectos  como profesi&#xF3;n.</subfield>
  </datafield>
  <datafield tag="041" ind1=" " ind2=" ">
    <subfield code="a">spa</subfield>
  </datafield>
  <datafield tag="942" ind1=" " ind2=" ">
    <subfield code="c">BK</subfield>
  </datafield>
  <datafield tag="590" ind1=" " ind2=" ">
    <subfield code="a">niveau_biblio:m niveau_hierar:0</subfield>
  </datafield>
  <datafield tag="100" ind1="1" ind2=" ">
    <subfield code="a">Frame, J. Davidson</subfield>
  </datafield>
  <datafield tag="999" ind1=" " ind2=" ">
    <subfield code="c">5848</subfield>
    <subfield code="d">5848</subfield>
  </datafield>
  <datafield tag="952" ind1=" " ind2=" ">
    <subfield code="0">0</subfield>
    <subfield code="1">0</subfield>
    <subfield code="4">0</subfield>
    <subfield code="7">0</subfield>
    <subfield code="a">BCEJYS</subfield>
    <subfield code="b">BCEJYS</subfield>
    <subfield code="c">16</subfield>
    <subfield code="d">2026-04-07</subfield>
    <subfield code="l">0</subfield>
    <subfield code="o">658.012.4 F813</subfield>
    <subfield code="p">L128539</subfield>
    <subfield code="r">2026-04-07 15:58:25</subfield>
    <subfield code="w">2026-04-07</subfield>
    <subfield code="y">L</subfield>
  </datafield>
</record>
